000
00350nam a2200145Ia 4500
008
230718s9999 xx 000 0 und d
041
_a
Eng.
082
_a
1554
_b
LON-E
100
_a
London of university
245
0
_a
Elements of law of contract
260
_a
Pakistan
_b
university of london
_c
2009
300
_a
320
650
_a
Law
999
_c
30609
_d
30609